Tees Saal Baad / تیس سال بعد (Record no. 532158)

000 -LEADER
fixed length control field 00374nam a2200145Ia 4500
005 - DATE AND TIME OF LATEST TRANSACTION
control field 20191111140352.0
008 - FIXED-LENGTH DATA ELEMENTS--GENERAL INFORMATION
fixed length control field 190125s9999 xx 000 0 und d
040 ## - CATALOGING SOURCE
Transcribing agency DLC
082 ## - DEWEY DECIMAL CLASSIFICATION NUMBER
Classification number 956.1
100 ## - MAIN ENTRY--PERSONAL NAME
Personal name Raza Ali Abidi
9 (RLIN) 16605
245 ## - TITLE STATEMENT
Title Tees Saal Baad / تیس سال بعد
260 ## - PUBLICATION, DISTRIBUTION, ETC.
Name of publisher, distributor, etc. Lahore
Place of publication, distribution, etc. Sang-e-Meel Publications
Date of publication, distribution, etc. 2012
300 ## - PHYSICAL DESCRIPTION
Extent p;230
942 ## - ADDED ENTRY ELEMENTS (KOHA)
Source of classification or shelving scheme
Koha item type Book
Holdings
Withdrawn status Lost status Source of classification or shelving scheme Damaged status Not for loan Permanent Location Current Location Date acquired Total Checkouts Full call number Barcode Date last seen Price effective from Koha item type
          School of Civil and Environmental Engineering (SCEE) School of Civil and Environmental Engineering (SCEE) 11/11/2019   956.1 NIT-12073 11/11/2019 11/11/2019 Book
© 2023 Central Library, National University of Sciences and Technology. All Rights Reserved.